Представление документа в формате MARC21

Поле Инд. ПП Название Значение
Тип записи a
Библиографический уровень m
001 Контрольный номер RU/IS/BASE/215696658
005 Дата корректировки 20250404113609.2
008 Кодируемые данные 20061101
040 b Код языка каталог. rus
e Правила каталог. PSBO
041 0_ a Код языка текста rus
084 a Индекс другой классификации/Индекс ББК 84(4Вел)512-44
090 a Полочн. индекс 84(4Вел)512-44
x Авторский знак С 797
100 1_ a Автор Стерн Л.
q Полное имя Стерн Лоренс
245 10 a Заглавие Жизнь и мнения Тристрама Шенди, джентльмена; Сентиментальное путешествие по Франции и Италии
c Ответственность перевод с английского А. Франковского; вступительная статья А. Елистратовой; художник С. Пожарский
260 a Место издания Москва
b Издательство Художественная литература
c Дата издания 1968
300 a Объем 688 с.
b Иллюстрации/ тип воспроизводства ил.
336 a Термин вида содержания Текст
337 a Термин типа средства непосредственный
440 _0 a Серия Библиотека всемирной литературы
n Номер части Серия первая
v N тома Т.61
p Название части Литература Древнего Востока, Античного мира, Средних веков, Возрождения XVII и XVIII веков
504 a Библиография Примеч.: с. 655-686
505 0_ a Форматированное содержание Лоренс Стерн
b Автор Елистратова А.
600 14 a Персоналии Стерн Лоренс
650 04 a Основная рубрика художественная литература
653 0_ a Ключевые слова XVIII век
a Ключевые слова английская литература
a Ключевые слова Великобритания
655 a Жанр/ форма (устаревшее) роман
a Жанр/ форма (устаревшее) проза
700 12 a Автор Елистратова А.
e Роль лиц автор вступительной статьи; автор примечаний
700 1_ a Автор Франковский А.
e Роль лиц переводчик; автор примечаний
700 12 a Автор Пожарский С.
e Роль лиц художник
787 18 w Контрольный номер связываемой записи DU/608915592
901 t Тип документа m
952 a Тип литературы для КСУ ВШ ЛХИ